| 000 | 00506nam a2200181Ia 4500 | ||
|---|---|---|---|
| 003 | GCL | ||
| 008 | 140319s9999 xx 000 0 eng d | ||
| 040 |
_aGCL / _cGCL |
||
| 082 | 0 | 4 |
_a747 _bC T |
| 100 | 1 | _aCALLOWAY, STEPHEN | |
| 245 | 1 | 0 |
_aTraditional Style: How to Recreate the Traditional Periad Home / _cCALLOWAY, STEPHEN |
| 700 | 1 | _aJONES, STEPHEN | |
| 260 |
_a[S.N] : _bPYRAMID BOOKS ، _c1990 |
||
| 300 | _a224 | ||
| 650 | 0 | 4 | _aTECHNIQUE |
| 650 | 0 | 4 | _aRESICHENCE INTERIOR DESIGN |
| 942 |
_2ddc _cBK |
||
| 999 |
_c17370 _d17370 |
||